000 00976nas a2200313 4500
001 BR0601094
003 BR-BrBNA
005 20231205105857.0
007 ta
008 230509b bl.|||p| |||| 00| 00por d
040 _aBR-BrBNA
_bpor
_cBiblioteca Nacional de Agricultura
041 _a(Pt)
072 _aL10
100 1 _aMalhado, C.H.M.
100 1 _aCarneiro, P.L.S.
100 1 _aMartins Filho, R.
100 1 _aAzevedo, D.M.M.R.
100 1 _aFacó, O.
100 1 _aMachado, C.H.C.
100 1 _aPiccinin, A.
245 1 _aTendência e parâmetros genéticos para o peso aos 205 dias de idade em bovinos da raça Nelore Mocho no Estado da Bahia
650 _aBOVINO
650 _aRAÇA
650 _aPARÂMETRO GENÉTICO
650 _aHEREDITARIEDADE
773 0 _tRevista Científica de Produção Animal (Brazil)
_xISSN 1415-563X
_g(Jul-Dec 2005), v. 7(2) p. 28-34
_wBR0601094
909 _a202311
_bLúcia
_c55
_dLúcia Elande
942 _2AGRIS
_n0
_cANA
999 _c185143
_d185143